[Event "AUTO-OPEN-3846"]
[Site "http://www.queenalice.com/game.php?id=1494283"]
[Date "2017.9.12"]
[Round "1"]
[White "ribeiroBR"]
[Black "rafaelp"]
[Result "0-1"]
[WhiteElo "2069"]
[BlackElo "2162"]

1. e4 e5 2. Nf3 Nc6 3. Bc4 Nf6 4. Nc3 Bb4 5. O-O Bxc3 6. dxc3 d6 7. Bg5 Qd7 8.
Re1 Qg4 9. h3 Qh5 10. Qd2 h6 11. Bh4 g5 12. Bg3 Bxh3 13. Nh2 Bd7 14. Be2 Nxe4
15. Qd1 Qg6 16. Bd3 Bf5 17. Nf1 Nxg3 18. Nxg3 Bxd3 19. cxd3 h5 20. d4 h4 21. Nh1
h3 22. g3 O-O-O 23. Qg4+ Kb8 24. Re3 f6 25. Rae1 Qh5 26. Qxh5 Rxh5 27. Kh2 exd4
28. cxd4 Nxd4 29. g4 Rhh8 30. Rc1 Rde8 31. Ng3 Rxe3 32. fxe3 Nf3+ 33. Kh1 Ne5
34. e4 Nd3 35. Rc2 Rh4 36. Nh5 Rxg4 37. Nxf6 Rf4 38. Nd5 Rf1+ 39. Kh2 Rf2+ 40.
Rxf2 Nxf2 41. Nc3 g4 42. Kg3 Nd3 43. b3 Ne5 44. Nd1 Kc8 45. Nf2 Kd7 46. Nh1 Kc6
47. Kf2 Kc5 48. Ke3 Kb4 49. Kd4 c6 50. Ke3 Ka3 51. Kd2 Kxa2 52. Kc3 b5 53. Kb4
a5+ 54. Kxa5 Kxb3 55. Kb6 b4 56. Kc7 d5 57. Kd6 dxe4 58. Kxe5 e3 59. Ng3 h2 60.
Ke4 e2 61. Nxe2 h1=Q+ 62. Kd3 g3 63. Nd4+ Kb2 64. Ne2 g2 65. Ng3 Qh3 66. Kd2
Qxg3 67. Kd1 g1=Q+ 68. Kd2 Q3e3# 0-1

[Event "AUTO-OPEN-3846"]
[Site "http://www.queenalice.com/game.php?id=1494284"]
[Date "2017.9.12"]
[Round "1"]
[White "rafaelp"]
[Black "ribeiroBR"]
[Result "0-1"]
[WhiteElo "2161"]
[BlackElo "2049"]

1. e4 e5 2. Nf3 Nc6 3. Nc3 d6 4. Bc4 Be7 5. O-O Nf6 6. Bb5 O-O 7. Bxc6 bxc6 8.
d4 Bg4 9. d5 cxd5 10. Qd3 d4 11. Ne2 c5 12. Ng3 Rb8 13. c3 Be6 14. cxd4 cxd4 15.
b3 d5 16. exd5 Qxd5 17. Re1 Bd6 18. Bg5 Nd7 19. Bd2 Nc5 20. Qc2 d3 21. Qd1 e4
22. Ng5 Bxg3 23. hxg3 h6 24. Nxe6 Nxe6 25. Qg4 Ng5 26. Bxg5 hxg5 27. Rxe4 Rbd8
28. Ree1 Rfe8 29. Red1 d2 30. Rab1 Re4 31. Qf3 Rde8 32. Qc3 Re2 33. Kf1 Qf5 34.
Qf3 Qxb1 35. Kg1 Re1+ 36. Rxe1 dxe1=Q+ 37. Kh2 Qh1# 0-1

[Event "AUTO-OPEN-3849"]
[Site "http://www.queenalice.com/game.php?id=1495098"]
[Date "2017.9.18"]
[Round "1"]
[White "ribeiroBR"]
[Black "Givanildo"]
[Result "1-0"]
[WhiteElo "2054"]
[BlackElo "1685"]

1. e4 d5 2. Nf3 dxe4 3. Ng1 e3 4. dxe3 Qxd1+ 5. Kxd1 Bf5 6. Bd3 Bxd3 7. cxd3 e6
8. Nc3 a6 9. Nf3 Bb4 10. Bd2 Nc6 11. a3 Ba5 12. d4 O-O-O 13. Kc2 Nge7 14. Rac1
Rd6 15. Ng5 Rf8 16. b4 Bb6 17. Nge4 Rfd8 18. Ng5 Nd5 19. Nxf7 a5 20. Nxd6+ Rxd6
21. Nxd5 Rxd5 22. bxa5 Ba7 23. Bb4 b6 24. axb6 Nxb4+ 25. axb4 Bxb6 26. Kb3 c5
27. bxc5 Ba7 28. Ra1 Kb7 29. Ra4 e5 30. Rha1 Bb8 31. Rb4+ Kc7 32. Kc4 Rd8 33. d5
Kd7 34. d6 Rc8 35. Kd5 g5 36. Ra8 h5 37. Raxb8 g4 38. Rxc8 Kxc8 39. c6 g3 40.
hxg3 e4 41. Ra4 Kb8 42. Ke6 h4 43. gxh4 1-0

[Event "AUTO-OPEN-3849"]
[Site "http://www.queenalice.com/game.php?id=1495099"]
[Date "2017.9.18"]
[Round "1"]
[White "Givanildo"]
[Black "ribeiroBR"]
[Result "0-1"]
[WhiteElo "1706"]
[BlackElo "2041"]

1. d4 d5 2. Bf4 e6 3. e3 Nf6 4. h3 Be7 5. Bb5+ c6 6. Bd3 Nbd7 7. Nf3 Ne4 8. Bxe4
dxe4 9. Ne5 Nxe5 10. Bxe5 O-O 11. Qg4 Bf6 12. Nd2 Bxe5 13. dxe5 Qd5 14. b3 b6
15. O-O-O Qxe5 16. Kb1 f5 17. Nc4 Qf6 18. Qf4 h6 19. Ne5 Rd8 20. Rxd8+ Qxd8 21.
Nxc6 Qf6 22. Qc7 Ba6 23. Ne7+ Kh7 24. g4 Re8 25. Nc6 Be2 26. Ne5 Re7 27. Qd6 Bf3
28. Nxf3 exf3 29. gxf5 exf5 30. Qxf6 gxf6 31. Rg1 Rg7 32. Rd1 Kg6 33. h4 Kh5 34.
Rd4 Rg4 35. Rd7 a5 36. c4 f4 37. Rd5+ Kxh4 38. Rf5 Kh3 39. Rxf6 Kg2 40. Rxh6
Kxf2 41. e4 Ke2 42. e5 f2 43. e6 f1=Q+ 44. Kb2 Kf3 45. e7 Qe2+ 46. Ka3 Qxe7+ 47.
Kb2 Rg2+ 48. Kc3 Qe3# 0-1

[Event "AUTO-OPEN-3849"]
[Site "http://www.queenalice.com/game.php?id=1495100"]
[Date "2017.9.18"]
[Round "1"]
[White "ribeiroBR"]
[Black "Elbarunz"]
[Result "0-1"]
[WhiteElo "2033"]
[BlackElo "2178"]

1. e4 e6 2. Nf3 d5 3. e5 c5 4. d4 Nc6 5. Bb5 Bd7 6. Nc3 a6 7. Bxc6 bxc6 8. O-O
cxd4 9. Nxd4 c5 10. Nf3 Ne7 11. Bg5 h6 12. Bh4 Qb6 13. Rb1 Ng6 14. Bg3 Be7 15.
h3 O-O 16. a3 a5 17. Re1 Rfd8 18. Qd3 Rab8 19. b3 Bb5 20. Nxb5 Qxb5 21. Qxb5
Rxb5 22. a4 Rb7 23. Rbd1 Rc8 24. Nd2 Nf8 25. f4 Nd7 26. Bf2 Nb8 27. c4 d4 28. g4
Nc6 29. Kg2 Nb4 30. f5 Na2 31. fxe6 fxe6 32. Rf1 Bg5 33. Nf3 Be7 34. Rb1 Rcb8
35. Rb2 Nc3 36. Nd2 Bg5 37. Nf3 Rxb3 38. Rxb3 Rxb3 39. Nxg5 hxg5 40. h4 Rb4 41.
hxg5 Rxc4 42. g6 Nd5 43. Kg3 Ne7 44. Kh4 Nxg6+ 45. Kg5 Nxe5 46. Bg3 Nd7 47. Re1
Kf7 48. Rf1+ Nf6 49. Be5 d3 50. Rb1 Rxg4# 0-1

[Event "AUTO-OPEN-3849"]
[Site "http://www.queenalice.com/game.php?id=1495101"]
[Date "2017.9.18"]
[Round "1"]
[White "Elbarunz"]
[Black "ribeiroBR"]
[Result "1-0"]
[WhiteElo "2170"]
[BlackElo "2044"]

1. e4 e5 2. Nf3 Nc6 3. Bb5 d6 4. O-O Bg4 5. h3 Bh5 6. d3 Nf6 7. Bg5 Be7 8. Nc3
h6 9. Bh4 a6 10. Ba4 O-O 11. g4 Bg6 12. Nd2 Nd4 13. f4 exf4 14. Rxf4 c5 15. a3
b5 16. Bb3 Nxb3 17. Nxb3 Qb6 18. Kg2 a5 19. Bxf6 Bxf6 20. Nd5 Qd8 21. Nxf6+ gxf6
22. Qf3 Kg7 23. Rf1 a4 24. Nd2 d5 25. exd5 Ra6 26. Ne4 Bxe4 27. dxe4 Qe7 28. h4
b4 29. Qd3 Rd6 30. Qc4 Rc8 31. axb4 Qa7 32. g5 hxg5 33. hxg5 Rg8 34. bxc5 Ra6
35. d6 a3 36. bxa3 Rxa3 37. Rxf6 Kh8 38. Qd5 Qd7 39. Qf5 Qxf5 40. R6xf5 Ra2 41.
R1f2 Kg7 42. d7 Raa8 43. c6 Ra7 44. Rxf7+ Kg6 45. d8=Q Rxd8 46. Rxa7 Kxg5 47. c7
Rg8 48. Kf1 Rc8 49. Rd2 Rf8+ 50. Ke2 Kf4 51. Rd8 Rh8 52. Rxh8 1-0

[Event "AUTO-OPEN-3849"]
[Site "http://www.queenalice.com/game.php?id=1495102"]
[Date "2017.9.18"]
[Round "1"]
[White "ribeiroBR"]
[Black "Boeing"]
[Result "1/2-1/2"]
[WhiteElo "2059"]
[BlackElo "1897"]

1. e4 e5 2. Nf3 d6 3. Nc3 c6 4. d3 h6 5. Be2 Bg4 6. h3 Bxf3 7. Bxf3 Be7 8. Be3
b6 9. O-O Nf6 10. Qd2 a5 11. a3 a4 12. Rad1 b5 13. Ne2 O-O 14. Bg4 Na6 15. Ng3
Nxg4 16. hxg4 Bg5 17. Nf5 c5 18. c4 Bxe3 19. Qxe3 b4 20. g3 bxa3 21. bxa3 Rb8
22. Rb1 Rb3 23. Rxb3 axb3 24. Kg2 Qf6 25. Rh1 Rb8 26. f4 b2 27. Rb1 Rb3 28. Qd2
exf4 29. gxf4 Nc7 30. d4 cxd4 31. Nxd4 Rxa3 32. Nf5 Ra2 33. Nxd6 Qh4 34. Qe2 Ne6
35. Qf3 Ra1 36. Nf5 Rxb1 37. Nxh4 Rg1+ 38. Kxg1 b1=Q+ 39. Kg2 Qa2+ 40. Kg3 Qxc4
41. e5 g5 42. fxg5 Nxg5 43. Qa8+ Kh7 44. Nf3 Ne6 45. Kh4 h5 46. Kxh5 Qf4 47. Kh4
Qh6+ 48. Kg3 Qf4+ 49. Kh4 Qh6+ 50. Kg3 Qf4+ 51. Kh4 1/2-1/2

[Event "AUTO-OPEN-3849"]
[Site "http://www.queenalice.com/game.php?id=1495103"]
[Date "2017.9.18"]
[Round "1"]
[White "Boeing"]
[Black "ribeiroBR"]
[Result "0-1"]
[WhiteElo "1907"]
[BlackElo "2049"]

1. e4 e5 2. Nf3 Nc6 3. Bb5 d6 4. O-O Bg4 5. Nc3 Nf6 6. Bxc6+ bxc6 7. h3 Be6 8.
d4 exd4 9. Nxd4 Bd7 10. Re1 Be7 11. e5 dxe5 12. Nf3 O-O 13. Nxe5 Bd6 14. Bg5
Bxe5 15. Rxe5 Be6 16. Qf3 h6 17. Bxf6 Qxf6 18. Ne4 Qxe5 19. Nc3 Bd5 20. Nxd5
cxd5 21. c3 Rfe8 22. Rd1 c6 23. g3 Qe2 24. Kg2 Qxf3+ 25. Kxf3 Re4 26. b4 a6 27.
a4 Rae8 28. a5 Rc4 29. Rc1 d4 30. Kg2 Rxc3 31. Rd1 d3 32. h4 Re4 33. b5 cxb5 34.
Kh3 Re2 35. h5 d2 36. Kh4 Rc1 37. Rxd2 Rxd2 38. g4 b4 39. g5 b3 40. gxh6 gxh6
41. Kg4 b2 42. Kf5 b1=Q+ 43. Kf6 Rxf2+ 44. Ke7 Rd1 45. Ke8 Qe4# 0-1

[Event "AUTO-OPEN-3834"]
[Site "http://www.queenalice.com/game.php?id=1499508"]
[Date "2017.10.19"]
[Round "2"]
[White "pomar"]
[Black "ribeiroBR"]
[Result "1/2-1/2"]
[WhiteElo "2039"]
[BlackElo "2036"]

1. f3 e5 2. Kf2 Qh4+ 3. g3 Qf6 4. c4 e4 5. Nc3 exf3 6. Nxf3 Nc6 7. Bh3 Bc5+ 8.
Kg2 d6 9. Bxc8 Rxc8 10. Rf1 Qe7 11. Nd5 Qe4 12. d3 Qg6 13. Nh4 Qe6 14. e4 Nge7
15. a3 O-O 16. Nf5 Nxf5 17. Rxf5 Ne7 18. Nxe7+ Qxe7 19. Qg4 g6 20. Bh6 Rfe8 21.
Raf1 Qe6 22. Qg5 Be3 23. Qxe3 gxf5 24. Rxf5 Qxf5 25. exf5 Rxe3 26. Bxe3 a6 27.
b4 Re8 28. Kf3 b6 29. a4 c5 30. b5 a5 31. g4 Kg7 32. g5 f6 33. h4 Rd8 34. Ke4
Re8+ 35. Kf3 1/2-1/2

[Event "AUTO-OPEN-3834"]
[Site "http://www.queenalice.com/game.php?id=1499509"]
[Date "2017.10.19"]
[Round "2"]
[White "ribeiroBR"]
[Black "pomar"]
[Result "1/2-1/2"]
[WhiteElo "2031"]
[BlackElo "2029"]

1. e4 e6 2. Nf3 c5 3. Nc3 Nc6 4. d3 d5 5. exd5 exd5 6. Be2 Bg4 7. Bd2 d4 8. Ne4
f5 9. Ng3 Bd6 10. O-O Nf6 11. Bg5 O-O 12. Re1 h6 13. Bxf6 Qxf6 14. Qd2 b6 15. c3
dxc3 16. bxc3 Rad8 17. h3 Bxf3 18. Bxf3 Ne5 19. Bd5+ Kh8 20. c4 g5 21. Rad1 Ng6
22. Re6 Qg7 23. Nh5 Qh7 1/2-1/2

[Event "AUTO-OPEN-3834"]
[Site "http://www.queenalice.com/game.php?id=1514058"]
[Date "2018.1.29"]
[Round "3"]
[White "Null"]
[Black "ribeiroBR"]
[Result "1-0"]
[WhiteElo "2168"]
[BlackElo "2001"]

1. e4 c5 2. Nf3 e6 3. Nc3 a6 4. d3 Nc6 5. d4 b5 6. d5 exd5 7. exd5 Nd4 8. Nxd4
cxd4 9. Qxd4 Bb7 10. Be2 d6 11. a3 Nf6 12. O-O Be7 13. a4 bxa4 14. Nxa4 Bxd5 15.
Nb6 O-O 16. Nxd5 Nxd5 17. Qxd5 Bf6 18. Rxa6 Rxa6 19. Bxa6 Qb6 20. Bd3 Be5 21. b3
Re8 22. Be3 Qd8 23. b4 Qh4 24. f4 1-0

[Event "AUTO-OPEN-3834"]
[Site "http://www.queenalice.com/game.php?id=1514059"]
[Date "2018.1.29"]
[Round "3"]
[White "ribeiroBR"]
[Black "Null"]
[Result "0-1"]
[WhiteElo "1992"]
[BlackElo "2175"]

1. e4 e5 2. Nf3 Nc6 3. Nc3 Nf6 4. Bc4 Nxe4 5. Bxf7+ Kxf7 6. Nxe4 d5 7. Neg5+ Kg8
8. d4 h6 9. Nh3 Bxh3 10. gxh3 exd4 11. Nxd4 Nxd4 12. Qxd4 c5 13. Qg4 Qe8+ 14.
Kf1 Qf7 15. Rg1 Bd6 16. Rg2 Re8 17. Bd2 Kf8 18. Re1 Rxe1+ 19. Bxe1 Kg8 20. Bd2
Kh7 21. h4 h5 22. Qe2 Re8 23. Qd3+ g6 0-1

[Event "AUTO-OPEN-3834"]
[Site "http://www.queenalice.com/game.php?id=1514060"]
[Date "2018.1.29"]
[Round "3"]
[White "pomar"]
[Black "ribeiroBR"]
[Result "0-1"]
[WhiteElo "2002"]
[BlackElo "2033"]

1. f3 e5 2. Kf2 Bc5+ 3. e3 Qh4+ 4. g3 Qf6 5. c4 b6 6. a3 Bb7 7. Bg2 Nh6 8. h3
Qg6 9. b4 Bd6 10. Nc3 O-O 11. d4 exd4 12. exd4 Qxg3+ 13. Kf1 Nf5 14. Nge2 Qg6
15. c5 Ng3+ 16. Nxg3 Bxg3 17. d5 bxc5 18. bxc5 Ba6+ 19. Kg1 d6 20. c6 Be5 21.
Bb2 Qh6 22. Bc1 Qf6 23. Ne4 Bd4+ 24. Kh2 Bg1+ 25. Rxg1 Qxa1 26. Qc2 Qe5+ 27. f4
Qe7 28. Bb2 Bc8 29. Bf3 f6 30. Re1 Qd8 31. Qg2 Na6 32. Rg1 Qe7 33. Ng3 Nc5 34.
f5 Nd3 35. Nh5 Nxb2 36. Nxg7 Kh8 37. Qxb2 Rg8 38. Nh5 Rxg1 39. Kxg1 Bxf5 40. Kh2
Qe5+ 0-1

[Event "AUTO-OPEN-3834"]
[Site "http://www.queenalice.com/game.php?id=1514061"]
[Date "2018.1.29"]
[Round "3"]
[White "ribeiroBR"]
[Black "pomar"]
[Result "0-1"]
[WhiteElo "2048"]
[BlackElo "1980"]

1. e4 e6 2. Nf3 d5 3. e5 c5 4. c3 Nc6 5. d4 Qb6 6. Be2 cxd4 7. cxd4 Bb4+ 8. Nc3
Nge7 9. O-O Nf5 10. Be3 O-O 11. Rb1 f6 12. a3 Be7 13. b4 Bd7 14. Na4 Qd8 15. Nc5
b6 16. Nxd7 Qxd7 17. Bb5 Qb7 18. Bxc6 Qxc6 19. Rc1 Qb7 20. h3 Rac8 21. Qe2 b5
22. Rc2 a6 23. Rfc1 Rxc2 24. Rxc2 Rc8 25. Qd3 Nxe3 26. fxe3 Rc6 27. Kh2 Qc7 28.
Rxc6 Qxc6 29. exf6 Bxf6 30. h4 Qc4 31. Ne1 Bxh4 32. Qxc4 dxc4 33. Nc2 Kf7 34.
Kh3 Bf6 35. Kg4 Kg6 36. g3 h5+ 37. Kf4 Kf7 38. e4 g5+ 39. Kf3 Bd8 40. e5 Kg6 41.
g4 h4 42. Kg2 Kf7 43. Kf3 Ke8 44. Kg2 Kd7 45. Kf3 Kc6 46. Ne3 c3 47. Ke2 h3 48.
Nf1 Bb6 49. Kd3 Bxd4 50. Kxd4 c2 51. Ng3 c1=Q 52. Ne4 h2 53. Nc5 Qf4+ 54. Kc3
Qxe5+ 55. Kb3 h1=Q 56. a4 Qe3+ 57. Nd3 Qxd3+ 0-1

[Event "AUTO-OPEN-3832"]
[Site "http://www.queenalice.com/game.php?id=1519176"]
[Date "2018.3.11"]
[Round "2"]
[White "Fredo"]
[Black "ribeiroBR"]
[Result "1-0"]
[WhiteElo "1991"]
[BlackElo "2035"]

1. e4 e5 2. f4 exf4 3. Bc4 Qh4+ 4. Kf1 Bc5 5. d4 Be7 6. Nf3 Qg4 7. Nc3 d6 8. Nd5
Nf6 9. Nxc7+ Kf8 10. Nxa8 Bd8 11. e5 Nfd7 12. exd6 Nc6 13. c3 g6 14. Nc7 Bxc7
15. dxc7 Kg7 16. Qd3 Re8 17. Kf2 Nf6 18. Bd2 Re7 19. Rhe1 Rxc7 20. Bb3 Bf5 21.
Qc4 Be4 22. Qe2 Re7 23. Qf1 Bxf3 24. gxf3 Qh4+ 25. Kg1 Rxe1 26. Rxe1 Nh5 27. Qg2
Na5 28. Bc2 Nc4 29. Bc1 Ne3 30. Qe2 Qg5+ 31. Kh1 Qh4 32. Kg1 Qg5+ 33. Kh1 Qh4
34. Rg1 Nxc2 35. Qxc2 Ng3+ 36. Kg2 Nf5 37. Qe4 Qg5+ 38. Kh1 Qh4 39. Bxf4 Qh3 40.
Be5+ Kh6 41. Qg4 Qh4 42. Qxh4+ Nxh4 43. Rg3 Nf5 44. Rh3+ Kg5 45. f4+ Kg4 46. Kg2
h5 47. d5 Nh4+ 48. Rxh4+ Kxh4 49. d6 f5 50. d7 g5 51. d8=Q Kg4 52. Qxg5# 1-0

[Event "AUTO-OPEN-3832"]
[Site "http://www.queenalice.com/game.php?id=1519177"]
[Date "2018.3.11"]
[Round "2"]
[White "ribeiroBR"]
[Black "Fredo"]
[Result "0-1"]
[WhiteElo "2017"]
[BlackElo "2016"]

1. e4 c5 2. Nf3 d6 3. Nc3 Nc6 4. Bb5 Bd7 5. d4 cxd4 6. Nxd4 Nf6 7. O-O a6 8.
Bxc6 Bxc6 9. Nxc6 bxc6 10. Bg5 e6 11. Qf3 Be7 12. e5 Nd5 13. Nxd5 cxd5 14. Bxe7
Qxe7 15. exd6 Qxd6 16. c4 Rd8 17. cxd5 Qxd5 18. Qa3 Qd6 19. Qa4+ Ke7 20. Rad1
Qb6 21. Qa3+ Rd6 22. Rd3 Rd8 23. Rfd1 a5 24. h3 Qb4 25. Qxb4 axb4 26. Rxd6 Rxd6
27. Rxd6 Kxd6 28. Kf1 Kd5 29. Ke2 Kc4 30. Kd2 e5 31. g3 f5 32. f3 g5 33. Kc2 h5
34. a4 b3+ 35. Kd2 Kb4 36. Kd3 Kxa4 37. Kc4 f4 38. gxf4 exf4 39. Kd3 Kb4 40. Kd2
Kc4 41. Ke2 Kd4 42. Kd2 Ke5 43. Kc3 g4 44. fxg4 hxg4 45. hxg4 f3 46. Kd2 Kf4 47.
g5 Kxg5 48. Ke3 Kg4 49. Kf2 Kf4 50. Kf1 Ke3 51. Ke1 Kd3 52. Kf2 Kc2 53. Kxf3
Kxb2 54. Ke2 Kc2 55. Ke3 b2 56. Kf2 b1=Q 57. Ke3 Qd1 58. Kf2 Qd3 59. Ke1 Qd2+
60. Kf1 Kd3 0-1

[Event "AUTO-OPEN-3832"]
[Site "http://www.queenalice.com/game.php?id=1519182"]
[Date "2018.3.11"]
[Round "2"]
[White "ribeiroBR"]
[Black "lida"]
[Result "0-1"]
[WhiteElo "2037"]
[BlackElo "2438"]

1. e4 c5 2. Nf3 d6 3. Nc3 Nc6 4. Bb5 Bd7 5. d4 cxd4 6. Bxc6 dxc3 7. Bxd7+ Qxd7
8. bxc3 Nf6 9. e5 dxe5 10. Qxd7+ Nxd7 11. O-O e6 12. Bb2 f6 13. Rad1 Nb6 14.
Rfe1 Kf7 15. Rd3 Be7 16. Red1 e4 17. Ne5+ fxe5 18. Rg3 Rad8 19. Re1 Rd2 20. h3
Bh4 21. Rxe4 Bxg3 22. fxg3 Rxc2 23. Ba3 Rxc3 24. Bb4 Rc4 25. Rxc4 Nxc4 26. a3
Rd8 27. Kh2 e4 28. g4 e3 29. Kg3 a5 30. Be1 Rd1 31. Bc3 Nd2 32. Bxa5 e2 33. Bxd2
Rxd2 34. Kf2 Ra2 35. h4 Kf6 36. g3 Ke5 37. a4 Ke4 38. a5 Kd3 39. a6 bxa6 40. g5
Ra1 41. g6 e1=Q+ 42. Kf3 Qe4+ 0-1

[Event "AUTO-OPEN-3832"]
[Site "http://www.queenalice.com/game.php?id=1519183"]
[Date "2018.3.11"]
[Round "2"]
[White "lida"]
[Black "ribeiroBR"]
[Result "0-1"]
[WhiteElo "2449"]
[BlackElo "2007"]

1. e4 e5 2. Nf3 Nc6 3. Bb5 d6 4. d4 Bd7 5. Nc3 exd4 6. Nxd4 Nxd4 7. Bxd7+ Qxd7
8. Qxd4 c5 9. Qd3 Nf6 10. f3 Be7 11. Bf4 Nh5 12. Be3 O-O 13. O-O-O b6 14. e5 g6
15. exd6 Bf6 16. g4 Ng7 17. Ne4 Bd8 18. Qd5 Rc8 19. h4 Ne6 20. h5 c4 21. f4 Qa4
22. d7 Rc7 23. hxg6 hxg6 24. Qe5 Ng7 25. Bd4 f6 26. Qd5+ Rf7 27. Bxf6 Rxd7 28.
Rh8+ Kxh8 29. Qxf7 Rxf7 0-1

[Event "AUTO-OPEN-3845"]
[Site "http://www.queenalice.com/game.php?id=1533595"]
[Date "2018.7.4"]
[Round "2"]
[White "LuisGabriel_HD"]
[Black "ribeiroBR"]
[Result "1-0"]
[WhiteElo "2011"]
[BlackElo "1967"]

1. e4 e5 2. Nf3 Nc6 3. Bb5 d6 4. h3 Bd7 5. d3 Nf6 6. Bg5 Be7 7. O-O O-O 8. Nh4
a6 9. Bxc6 Bxc6 10. Nf5 Bd7 11. Nxe7+ Qxe7 12. Nc3 c6 13. Re1 h6 14. Bxf6 Qxf6
15. Re3 Rae8 16. Qh5 Re6 17. Rf3 Qe7 18. Rg3 Be8 19. Qg4 Rg6 20. Qf3 Rxg3 21.
fxg3 Bd7 22. Rd1 f5 23. Qh5 Qf6 24. Rf1 f4 25. gxf4 exf4 26. Rf3 Be6 27. a3 b5
28. Kh2 Kh7 29. Rf2 g6 30. Qf3 Qe5 31. Rd2 d5 32. exd5 Bxd5 33. Nxd5 cxd5 34. c3
h5 35. d4 Qg5 36. Re2 Qd8 37. Re5 Qd6 38. Rxd5 Qc7 39. Rc5 Qe7 40. b4 Rf6 41. d5
Kh6 42. Rc6 Qe5 43. Rxf6 Qxf6 44. Qd3 Qd6 45. Kh1 Kg5 46. Qe4 h4 47. c4 bxc4 48.
Qxc4 Qe5 49. Qc5 Qe1+ 50. Qg1 Qd2 51. Qb6 Qe1+ 52. Qg1 Qe5 53. Qd1 Kf6 54. d6
Qe8 55. a4 Qd7 56. Qd4+ Kf5 57. Qd1 Ke6 58. Kg1 Qa7+ 59. Kf1 g5 60. Qg4+ 1-0

[Event "AUTO-OPEN-3845"]
[Site "http://www.queenalice.com/game.php?id=1533596"]
[Date "2018.7.4"]
[Round "2"]
[White "ribeiroBR"]
[Black "LuisGabriel_HD"]
[Result "1-0"]
[WhiteElo "1945"]
[BlackElo "2029"]

1. e4 e5 2. Nf3 Nc6 3. Nc3 Bb4 4. a3 Bxc3 5. bxc3 d6 6. Bb5 Nf6 7. d3 h6 8. Be3
Bg4 9. h3 Bxf3 10. Qxf3 O-O 11. Bxc6 bxc6 12. O-O d5 13. exd5 cxd5 14. Qg3 Kh7
15. Qxe5 Re8 16. Qf5+ Kh8 17. Rab1 c6 18. Bd4 Re6 19. Rb7 Qe8 20. Rfb1 Re1+ 21.
Rxe1 Qxe1+ 22. Kh2 Qe6 23. Qf3 a6 24. Bxf6 gxf6 25. d4 Rc8 26. Ra7 c5 27. dxc5
Rxc5 28. Qg3 Rc8 29. Rb7 Re8 30. f4 Rg8 31. Qh4 Kh7 32. Qf2 a5 33. Rb5 a4 34.
Qd2 Rd8 35. Qd3+ Kg7 36. c4 d4 37. Rb4 Qd7 38. Qg3+ Kh7 39. Qd3+ Kh8 40. c5 Qd5
41. Rc4 Rg8 42. g3 Rd8 43. c6 Rc8 44. Rxd4 Qxc6 45. Rd8+ Rxd8 46. Qxd8+ Kg7 47.
Qd3 Qb6 48. Qd2 Qc5 49. Qd3 h5 50. c4 f5 51. h4 Kf6 52. Qc3+ Ke6 53. Kh3 Qg1 54.
Qe5+ Kd7 55. Qxf5+ Ke7 56. Qxh5 f6 57. Qh7+ Ke6 58. Qe4+ Kf7 59. Qh7+ Ke6 60.
Qg8+ Kf5 61. Qg4+ Ke4 62. Qe6+ Kf3 63. Qd5+ Ke2 64. Qg2+ Qxg2+ 65. Kxg2 Ke3 66.
c5 Kd3 67. c6 Kc3 68. c7 Kb3 69. c8=Q Kxa3 70. Kf2 Kb2 71. Qb7+ Ka2 72. Ke2 a3
73. Kd2 Ka1 74. Kc2 1-0

[Event "AUTO-OPEN-3845"]
[Site "http://www.queenalice.com/game.php?id=1533599"]
[Date "2018.7.4"]
[Round "2"]
[White "AsterixTwin"]
[Black "ribeiroBR"]
[Result "1-0"]
[WhiteElo "2537"]
[BlackElo "1981"]

1. e4 e5 2. Nf3 Nc6 3. Bc4 h6 4. d4 d6 5. dxe5 dxe5 6. Qxd8+ Nxd8 7. Nxe5 Be6 8.
Bxe6 Nxe6 9. Nc3 Nf6 10. Bd2 Bd6 11. Nd3 Nd7 12. O-O-O Ndc5 13. Be3 Nxd3+ 14.
Rxd3 O-O 15. Rhd1 Bf4 16. Bxf4 c6 17. Be3 a6 18. Na4 b5 19. Nb6 Rad8 20. Rxd8
Rxd8 21. Rxd8+ Nxd8 22. Nd7 f6 23. b4 Nb7 24. Nc5 Nxc5 25. Bxc5 Kf7 26. Kd2 Ke6
27. Ke3 g6 28. Kd4 f5 29. exf5+ gxf5 30. Bf8 h5 31. Kc5 Kd7 32. Bd6 Ke6 33. Kxc6
Kf6 34. Kb6 Ke6 35. Kxa6 Kxd6 36. Kxb5 h4 37. Kb6 Kd5 38. a4 Kd4 39. a5 Kc4 40.
a6 Kxb4 41. a7 Kc3 42. a8=Q Kxc2 43. Qa3 Kd2 44. Qe3+ Kd1 45. f4 h3 46. gxh3 Kc2
47. Kc5 Kb2 48. Kb4 Kc2 49. Qe2+ Kc1 50. Kb3 1-0

[Event "AUTO-OPEN-3845"]
[Site "http://www.queenalice.com/game.php?id=1533600"]
[Date "2018.7.4"]
[Round "2"]
[White "ribeiroBR"]
[Black "AsterixTwin"]
[Result "0-1"]
[WhiteElo "1983"]
[BlackElo "2538"]

1. e4 c5 2. Nf3 d6 3. Bc4 Nc6 4. Nc3 Nf6 5. d4 cxd4 6. Nxd4 e6 7. Nxc6 bxc6 8.
Bg5 Be7 9. O-O d5 10. exd5 exd5 11. Bd3 O-O 12. Ne2 h6 13. Bd2 Ne4 14. Nc3 Nxd2
15. Qxd2 Bf6 16. Rad1 Qd6 17. h3 Bd7 18. Qe2 Qb4 19. Qd2 Qxb2 20. Rb1 Qxc3 21.
Qd1 Rab8 22. Rb3 Rxb3 23. axb3 Re8 24. Qb1 Qe5 25. Qd1 Bd8 26. Qf3 Bc7 27. g3
Bxh3 28. Ra1 Qxa1+ 29. Kh2 Bd7 30. Kg2 Qd4 31. Kh2 Qh4+ 32. Kg1 Re1+ 33. Kg2
Qh3# 0-1

[Event "NO ENGINE"]
[Site "http://www.queenalice.com/game.php?id=1552465"]
[Date "2018.12.10"]
[Round "2"]
[White "tariann"]
[Black "ribeiroBR"]
[Result "1-0"]
[WhiteElo "2165"]
[BlackElo "1953"]

1. e4 c5 2. Nf3 e6 3. d4 a6 4. c4 Nc6 5. d5 exd5 6. exd5 Nd4 7. Nxd4 cxd4 8.
Qxd4 Nf6 9. Bg5 Be7 10. d6 O-O 11. dxe7 Qxe7+ 12. Be2 Re8 13. Nc3 b5 14. O-O h6
15. Bxf6 Qxf6 16. Qxf6 gxf6 17. cxb5 axb5 18. Bxb5 Re5 19. Rad1 Ra7 20. Rfe1 Kg7
21. f4 Rxe1+ 22. Rxe1 d6 23. Re8 Be6 24. a3 Rb7 25. a4 Bd7 26. Bxd7 Rxd7 27. Re1
Rb7 28. Rb1 Kg6 29. a5 Kf5 30. g3 h5 31. b4 Ke6 32. b5 f5 33. a6 Ra7 34. b6 Rxa6
35. b7 Rc6 36. Nd1 Kf6 37. b8=Q Kg6 38. Rb6 Rc1 39. Rxd6+ Kh7 40. Qf8 Rxd1+ 41.
Rxd1 h4 42. Qxf7+ Kh6 43. Rd6# 1-0